| 000 | 00624nam a2200241Ia 4500 | ||
|---|---|---|---|
| 003 | OSt | ||
| 005 | 20221007101423.0 | ||
| 006 | a|||||r|||| 00| 0 | ||
| 007 | ta | ||
| 008 | 221006b |||||||| |||| 00| 0 eng d | ||
| 024 | _a6,436 | ||
| 037 | _cTextual | ||
| 040 |
_aLCO _cLCO _beng |
||
| 041 |
_2eng _aeng |
||
| 082 | _aZv3, L4 | ||
| 100 |
_aPollock Seton _9702972 |
||
| 245 | 0 | _aEnglish Legal Aid System | |
| 260 |
_aBombay _bOrient Longman India _c1974 |
||
| 300 | _a123 | ||
| 650 |
_aENGLISH LEGAL AID SYSTEM _9702973 |
||
| 942 |
_hZv3, L4 _cTEXL |
||
| 999 |
_c1175999 _d1175999 |
||